000 01199nam a2200325 i 4500
003 EG-GICUC
005 20260411141049.0
008 260411s19111915ua db||fr|||| 001 0 eng d
040 _a EG-GICUC
_bfre
_c EG-GICUC
_d EG-GICUC
_erda
041 0 _afre
082 0 4 _221
_a343.3
_bP O . C
092 0 4 _221
099 _aLaw1 10 343.3 P O . C 1915
100 0 _aG. Le Poittevin
_eAuteur
245 1 0 _aCode D'instruction Criminelle.
_nTome Premier,
_p(Art. 1 à 309) /
_cAunots Par G. Le Poittevin.
264 1 _aParis :
_bLibrairie De La Société Du Recueil Général Des Lois Et Des Arrets,
_c1915.
300 _a1254 pages ;
_c26 Cm.
336 _2rda content
_atext
337 _2rda media
_aComputer
338 _2rda carrier
_aOnline Resource
500 _aRecueil General Des Los Abrets Journal De Palair.
500 _aAvec La Collaboration Des Rédacteurs Du Recueil Genéral Des Lois Et Des Arrets Et Du Journal Du Palar
504 _aComprend des références bibliographiques.
546 _aTexte en français
650 1 _2Droit pénal
651 1 _2qrmak
856 4 0 _uhttps://fll.law.cu.edu.eg/fulltext/bks/B10-09019.pdf
905 _a62
942 _2ddc
_n0
_cBK
_e21
999 _c70100
_d70100